000
00276nam a22001337a 4500
008
180928b xxu||||| |||| 00| 0 eng d
020
_a
0316607525
041
_a
eng
080
_a
610
100
_a
4
101
_a
SHM
245
_a
Behold man
_c
Nilsson,L
942
_2
udc
_c
BK
999
_c
48680
_d
48680